000 00701 a2200253 4500
001 3448
003 Complexo Educacional Contemporaneo
005 20230919125603.0
008 190912s1988 r por d
040 _aComplexo Educacional Contemporaneo
_bpor
080 _a1
082 _a1
090 _a1 A444s
_bAP
_dPrazer em Conhecer
100 _aAlmaida, Fernando José de
240 1 0 _aSartre è Proibido Proibir
_lPortuguês
260 _aSão Paulo
_bFTD
_c1988
300 _a72p.
362 0 _a(1988)
650 4 _aExistencialismos
650 4 _aFilosofia
650 4 _aFilosofia Francesa
245 1 0 _aSartre è Proibido Proibir
999 _c3448
_d3448